[Event "City of Dublin IM Norm Tournament 2011"]
[Site "Dublin IRL"]
[Date "2011.08.29"]
[Round "7"]
[White "Brady, Stephen"]
[Black "Delaney, John"]
[Result "1-0"]
[WhiteTitle "FM"]
[BlackTitle "FM"]
[WhiteElo "2357"]
[BlackElo "2224"]
[WhiteICU "2335"]
[BlackICU "2232"]
[WhiteClub "Phibsboro"]
[BlackClub "Rathmines"]
[WhiteFideId "2500124"]
[BlackFideId "2500060"]
[PlyCount "124"]
[EventDate "2011.08.26"]
[Source "P. Fitzsimons, C. Quinn at LCU blog"]

{ Source: Pat Fitzsimons, Ciar&aacute;n Quinn at LCU Chess Cogitations
blog. } { Reference: <a
href="http://www.irlchess.com/cityofdublinimnorm2011_allfiles/pairings_cityofdublinimnorm2011.html">Tournament
report</a>. }

1. e4 c5 2. c3 d6 3. d4 Nf6 4. dxc5 Nc6 5. Bc4 Nxe4 6. Bxf7+ Kxf7 7. Qd5+
e6 8. Qxe4 d5 9. Qf3+ Kg8 10. Be3 Ne5 11. Qe2 Ng6 12. Nf3 b6 13. cxb6 axb6
14. Qb5 Bd7 15. Qxb6 Qxb6 16. Bxb6 Rb8 17. Bd4 Rxb2 18. O-O Nf4 19. Nbd2
Ne2+ 20. Kh1 Nxd4 21. cxd4 Bd6 22. Rfb1 Rxb1+ 23. Rxb1 Kf7 24. Rb7 Ke7 25.
g3 Rb8 26. Rxb8 Bxb8 27. Kg2 Bb5 28. Ne5 Ba7 29. Nb3 Kf6 30. Kf3 h6 31. Ke3
Bb8 32. f4 g5 33. a4 gxf4+ 34. gxf4 Be8 35. Ng4+ Kf5 36. Nxh6+ Kg6 37. Ng4
Bxa4 38. Nc5 Bc2 39. Kf3 Bf5 40. Ne5+ Kh5 41. Kg3 Bc7 42. Nc6 Bb6 43. Nd7
Bc7 44. Ne7 Bd3 45. Nc5 Bf5 46. Nd7 Bc2 47. Nf6+ Kh6 48. Ng4+ Kg7 49. Nc6
Bb6 50. Nge5 Ba4 51. Kg4 Bd1+ 52. Kg5 Bc7 53. h4 Ba4 54. h5 Bd6 55. h6+ Kh7
56. Nf7 Bxf4+ 57. Kxf4 Bxc6 58. Kg5 Bb5 59. Ne5 Ba4 60. Ng4 Bc2 61. Nf6+
Kh8 62. Kf4 Bf5 1-0

[Event "City of Dublin IM Norm Tournament 2011"]
[Site "Dublin IRL"]
[Date "2011.08.29"]
[Round "8"]
[White "Collins, Sam"]
[Black "Tate, Alan"]
[Result "1/2-1/2"]
[WhiteTitle "IM"]
[BlackTitle "FM"]
[WhiteElo "2436"]
[BlackElo "2342"]
[WhiteICU "2449"]
[WhiteClub "Gonzaga"]
[BlackNationality "SCO"]
[WhiteFideId "2501198"]
[BlackFideId "2401878"]
[PlyCount "54"]
[EventDate "2011.08.26"]
[Source "P. Fitzsimons, C. Quinn at LCU blog"]

{ Source: Pat Fitzsimons, Ciar&aacute;n Quinn at LCU Chess Cogitations
blog. } { Reference: <a
href="http://www.irlchess.com/cityofdublinimnorm2011_allfiles/pairings_cityofdublinimnorm2011.html">Tournament
report</a>. }

1. g3 g6 2. c4 Bg7 3. Bg2 d6 4. Nc3 e5 5. d3 Nc6 6. e4 Be6 7. Nge2 Qd7 8.
Nd5 Nce7 9. d4 c6 10. Ne3 exd4 11. Nxd4 Bh3 12. O-O O-O-O 13. Rb1 Bxg2 14.
Kxg2 f5 15. Qd3 fxe4 16. Qxe4 d5 17. cxd5 Nf6 18. Qe6 Nfxd5 19. Nxd5 Nxd5
20. Qxd7+ Kxd7 21. Rd1 Rde8 22. Nf3 Re2 23. Rd2 Rhe8 24. Kf1 R2e4 25. b3
Kc7 26. Bb2 Bh6 27. Rd4 Rxd4 1/2-1/2

[Event "City of Dublin IM Norm Tournament 2011"]
[Site "Dublin IRL"]
[Date "2011.08.29"]
[Round "8"]
[White "Wall, Gavin"]
[Black "Fitzsimons, David"]
[Result "1-0"]
[WhiteTitle "IM"]
[WhiteElo "2329"]
[BlackElo "2251"]
[WhiteICU "2311"]
[BlackICU "2254"]
[BlackClub "Elm Mount"]
[WhiteFideId "2501244"]
[BlackFideId "2501961"]
[PlyCount "105"]
[EventDate "2011.08.26"]
[Source "P. Fitzsimons, C. Quinn at LCU blog"]

{ Source: Pat Fitzsimons, Ciar&aacute;n Quinn at LCU Chess Cogitations
blog. } { Reference: <a
href="http://www.irlchess.com/cityofdublinimnorm2011_allfiles/pairings_cityofdublinimnorm2011.html">Tournament
report</a>. }

1. e4 e6 2. d4 d5 3. e5 c5 4. c3 Nc6 5. Nf3 Nh6 6. Bd3 f6 7. O-O Nf7 8. Re1
fxe5 9. Nxe5 Nfxe5 10. dxe5 g6 11. Bb5 Bg7 12. Bxc6+ bxc6 13. Be3 O-O 14.
Bxc5 Rf5 15. Bd6 Qb6 16. Qc2 c5 17. Nd2 Bb7 18. Nf1 Qc6 19. Ne3 Rf4 20. f3
Rc8 21. Qf2 d4 22. Qg3 Rf7 23. Ng4 Qb6 24. c4 Qxb2 25. Nf6+ Bxf6 26. exf6
Ba6 27. Qe5 Bxc4 28. Bxc5 Rd8 29. Rab1 Qc3 30. Rbc1 Qd3 31. Be7 Re8 32.
Red1 Qe2 33. Qxd4 Bd5 34. Qxa7 h6 35. a3 Ra8 36. Qf2 Qe5 37. Re1 Qf5 38.
Qd4 g5 39. h4 gxh4 40. Qxh4 Kh7 41. Qf2 Rg8 42. Qc2 Bxf3 43. Qxf5+ exf5 44.
Kf2 Bd5 45. g3 Rg4 46. Re5 Be4 47. a4 h5 48. a5 h4 49. gxh4 Rxh4 50. Ra1
Kg6 51. a6 Rh8 52. a7 Ba8 53. Rg1+ 1-0

[Event "City of Dublin IM Norm Tournament 2011"]
[Site "Dublin IRL"]
[Date "2011.08.29"]
[Round "8"]
[White "Burns-Mannion, Stephen"]
[Black "Brady, Stephen"]
[Result "1/2-1/2"]
[WhiteTitle "IM"]
[BlackTitle "FM"]
[WhiteElo "2353"]
[BlackElo "2357"]
[BlackICU "2335"]
[BlackClub "Phibsboro"]
[WhiteNationality "SCO"]
[WhiteFideId "2400111"]
[BlackFideId "2500124"]
[PlyCount "224"]
[EventDate "2011.08.26"]
[Source "P. Fitzsimons, C. Quinn at LCU blog"]

{ Source: Pat Fitzsimons, Ciar&aacute;n Quinn at LCU Chess Cogitations
blog. } { Reference: <a
href="http://www.irlchess.com/cityofdublinimnorm2011_allfiles/pairings_cityofdublinimnorm2011.html">Tournament
report</a>. }

1. e4 e6 2. d4 d5 3. Nd2 c5 4. exd5 exd5 5. Ngf3 Nc6 6. Bb5 Bd6 7. dxc5
Bxc5 8. O-O Ne7 9. Nb3 Bb6 10. Re1 O-O 11. Bd3 h6 12. c3 Qd6 13. Be3 Bxe3
14. Rxe3 Nf5 15. Re2 Be6 16. Qc2 g6 17. Rae1 Rac8 18. Qd2 Kh7 19. h4 Ng7
20. Nfd4 Bg4 21. Re3 Qf6 22. g3 Rce8 23. f3 Bd7 24. Rxe8 Rxe8 25. Rxe8 Bxe8
26. Qe3 Bd7 27. Kg2 Ne5 28. Bb1 Nh5 29. Nc5 Nc4 30. Qf2 Bc8 31. b3 Nd6 32.
Qe3 b6 33. Nd3 Nf5 34. Nxf5 Bxf5 35. g4 Bxd3 36. Bxd3 Qf4 37. Qe1 Ng7 38.
h5 Qf6 39. hxg6+ fxg6 40. Qe3 Ne6 41. Kg3 Kg7 42. c4 d4 43. Qe4 Nc5 44. Qe2
a5 45. f4 Qd6 46. Kf3 g5 47. fxg5 hxg5 48. Bf5 d3 49. Qb2+ Kg8 50. Qd2 Qc6+
51. Ke3 Qh1 52. Bxd3 Qh3+ 53. Kd4 Qxg4+ 54. Kc3 Kg7 55. Kc2 Kf6 56. Qc3+
Ke6 57. Qe1+ Kd6 58. Bg6 Qf4 59. Qd1+ Ke7 60. Qe2+ Kf6 61. Bh5 Ne6 62. Kb2
Qd4+ 63. Ka3 Nf4 64. Qe8 Qd6+ 65. Kb2 Qd2+ 66. Ka3 Qd6+ 67. Kb2 Qe5+ 68.
Qxe5+ Kxe5 69. Bd1 Kd4 70. a3 Nd3+ 71. Kc2 Nf2 72. Bf3 g4 73. Bg2 g3 74.
Kd2 Ng4 75. Bc6 Ne5 76. Ba8 Nd3 77. Bc6 Nf4 78. Ke1 Kc3 79. b4 axb4 80.
axb4 Kxb4 81. Bb5 Kc3 $2 (81... Nd5 $1 82. Ba6 Nc7 { and wins. }) 82. Kf1
Kd4 83. Kg1 Ke3 84. Ba6 Nd3 85. Kg2 Kf4 86. Bb7 Ne1+ 87. Kf1 Nc2 88. Kg1
Ne3 89. Ba6 Ke5 90. Kh1 Kf6 91. Kg1 Kg6 92. Kh1 Kg5 93. Kg1 Kf4 94. Bb5 Nc2
95. Ba6 Ne1 96. Kf1 Nf3 97. Kg2 Nh4+ 98. Kg1 Ke3 99. Bb5 Kd4 100. Ba6 Kc5
101. Kf1 Kc6 102. Kg1 Kd6 103. Kf1 Ke5 104. Kg1 Kf4 105. Kh1 Ke3 106. Kg1
g2 107. Bb7 Kd4 108. Ba6 Ke3 109. Bb7 Ke2 110. Bc6 Kd3 111. Bb5 Kc3 112.
Ba6 Nf5 1/2-1/2

[Event "City of Dublin IM Norm Tournament 2011"]
[Site "Dublin IRL"]
[Date "2011.08.30"]
[Round "9"]
[White "Fitzsimons, David"]
[Black "Makepeace, Phil"]
[Result "1-0"]
[WhiteElo "2251"]
[BlackElo "2104"]
[WhiteICU "2254"]
[WhiteClub "Elm Mount"]
[BlackNationality "ENG"]
[WhiteFideId "2501961"]
[BlackFideId "413550"]
[PlyCount "65"]
[EventDate "2011.08.26"]
[Source "P. Fitzsimons, C. Quinn at LCU blog"]

{ Source: Pat Fitzsimons, Ciar&aacute;n Quinn at LCU Chess Cogitations
blog. } { Reference: <a
href="http://www.irlchess.com/cityofdublinimnorm2011_allfiles/pairings_cityofdublinimnorm2011.html">Tournament
report</a>. }

1. e4 c6 2. d4 d5 3. Nc3 dxe4 4. Nxe4 Bf5 5. Ng3 Bg6 6. h4 h6 7. Nf3 Nd7 8.
h5 Bh7 9. Bd3 Bxd3 10. Qxd3 Ngf6 11. Bd2 e6 12. O-O-O Qc7 13. Ne4 Nxe4 14.
Qxe4 O-O-O 15. c4 Nf6 16. Qe2 c5 17. Bc3 Qf4+ 18. Kb1 Qe4+ 19. Qc2 Be7 20.
Rde1 Qxc2+ 21. Kxc2 cxd4 22. Bxd4 Kb8 23. Bc3 Rhf8 24. Ne5 Bc5 25. f3 Kc8
26. g4 Nh7 27. f4 Rde8 28. Rd1 Rd8 29. Rxd8+ Rxd8 30. Nxf7 Rf8 31. Ne5 Be3
32. Ng6 Rf7 33. Re1 1-0

[Event "City of Dublin IM Norm Tournament 2011"]
[Site "Dublin IRL"]
[Date "2011.08.30"]
[Round "9"]
[White "Tate, Alan"]
[Black "Wall, Gavin"]
[Result "1/2-1/2"]
[WhiteTitle "FM"]
[BlackTitle "IM"]
[WhiteElo "2342"]
[BlackElo "2329"]
[BlackICU "2311"]
[WhiteNationality "SCO"]
[WhiteFideId "2401878"]
[BlackFideId "2501244"]
[PlyCount "51"]
[EventDate "2011.08.26"]
[Source "P. Fitzsimons, C. Quinn at LCU blog"]

{ Source: Pat Fitzsimons, Ciar&aacute;n Quinn at LCU Chess Cogitations
blog. } { Reference: <a
href="http://www.irlchess.com/cityofdublinimnorm2011_allfiles/pairings_cityofdublinimnorm2011.html">Tournament
report</a>. }

1. Nf3 d6 2. d4 f5 3. Nc3 Nf6 4. Bg5 Nbd7 5. Qd3 e6 6. e4 fxe4 7. Nxe4 Be7
8. h4 Nxe4 9. Qxe4 Nf6 10. Bxf6 Bxf6 11. O-O-O c6 12. Kb1 Kd7 13. g4 h6 14.
Ne5+ Bxe5 15. dxe5 d5 16. Qg6 Qe7 17. f4 Kc7 18. c4 Rf8 19. Bg2 Rxf4 20.
Rhf1 Rxf1 21. Rxf1 Bd7 22. Rf7 Qxh4 23. Qxe6 Qe1+ 24. Kc2 Qe2+ 25. Kc1
Qxc4+ 26. Kb1 1/2-1/2

[Event "City of Dublin IM Norm Tournament 2011"]
[Site "Dublin IRL"]
[Date "2011.08.30"]
[Round "9"]
[White "Brady, Stephen"]
[Black "Martyn, Rafe"]
[Result "1/2-1/2"]
[WhiteTitle "FM"]
[BlackTitle "FM"]
[WhiteElo "2357"]
[BlackElo "2264"]
[WhiteICU "2335"]
[WhiteClub "Phibsboro"]
[BlackNationality "ENG"]
[WhiteFideId "2500124"]
[BlackFideId "409626"]
[PlyCount "91"]
[EventDate "2011.08.26"]
[Source "P. Fitzsimons, C. Quinn at LCU blog"]

{ Source: Pat Fitzsimons, Ciar&aacute;n Quinn at LCU Chess Cogitations
blog. } { Reference: <a
href="http://www.irlchess.com/cityofdublinimnorm2011_allfiles/pairings_cityofdublinimnorm2011.html">Tournament
report</a>. }

1. e4 c6 2. d4 d5 3. exd5 cxd5 4. c4 Nf6 5. Nc3 Nc6 6. Nf3 Bg4 7. cxd5 Nxd5
8. Qb3 Bxf3 9. gxf3 Nb6 10. Be3 e6 11. O-O-O Be7 12. d5 exd5 13. Nxd5 Nxd5
14. Rxd5 Qc7 15. Kb1 O-O 16. f4 Nb4 17. Rd1 Qc6 18. Rg1 Qe4+ 19. Bd3 Nxd3
20. Qxd3 Qxd3+ 21. Rxd3 Rfd8 22. Rxd8+ Bxd8 23. Rd1 Bc7 24. Rd7 Rc8 25. h3
a6 26. a4 g6 27. f5 gxf5 28. Bh6 f4 29. f3 b6 30. Ka2 Be5 31. Kb3 f6 32. h4
b5 33. axb5 axb5 34. h5 Ra8 35. Rg7+ Kh8 36. Rg2 Rg8 37. Rd2 Rb8 38. Kb4
Kg8 39. b3 Kf7 40. Re2 Rd8 41. Re4 Ke6 42. Bxf4 Kf5 43. Bxe5 fxe5 44. Kc3
Rd1 45. Rg4 Rh1 46. Kb4 1/2-1/2